Expert determination (Record no. 80267)
[ view plain ]
| 000 -LEADER | |
|---|---|
| fixed length control field | 01071cab a22002175a 4500 |
| 001 - CONTROL NUMBER | |
| control field | L143770 |
| 008 - FIXED-LENGTH DATA ELEMENTS--GENERAL INFORMATION | |
| fixed length control field | 080530s2008 xxk f v 000 0 eng d |
| 035 ## - SYSTEM CONTROL NUMBER | |
| System control number | (Sirsi) u143770 |
| 041 0# - LANGUAGE CODE | |
| Language code of text/sound track or separate title | eng |
| 100 1# - MAIN ENTRY--PERSONAL NAME | |
| Personal name | Dundas, Hew R. |
| 245 00 - TITLE STATEMENT | |
| Title | Expert determination |
| Remainder of title | another retrograde step? |
| 260 ## - PUBLICATION, DISTRIBUTION, ETC. | |
| Date of publication, distribution, etc. | 2008 |
| 490 #0 - SERIES STATEMENT | |
| Series statement | Arbitration |
| Volume/sequential designation | 74(2) May 2008, 188-193(6) |
| 520 ## - SUMMARY, ETC. | |
| Summary, etc. | Discusses the issue of expert determination using the case of Homepace Ltd v SITA South East Ltd as an extended example. Comments on the case and whether or not the cause of expert determination has been set back. Covers: the facts of the case; the law; the determination and the decision. Concludes that the decision in this case is problematic, contradictory even. (See also: L138134). |
| 590 ## - LOCAL NOTE (RLIN) | |
| Local note | KA |
| 650 24 - SUBJECT ADDED ENTRY--TOPICAL TERM | |
| Topical term or geographic name entry element | HOMEPACE LTD V SITA SOUTH EAST LTD |
| 650 24 - SUBJECT ADDED ENTRY--TOPICAL TERM | |
| Topical term or geographic name entry element | HALIFAX LIFE LTD V EQUITABLE LIFE ASSURANCE SOCIETY |
| 651 #4 - SUBJECT ADDED ENTRY--GEOGRAPHIC NAME | |
| Geographic name | England and Wales |
| Chronological subdivision | 1543- |
| 690 ## - LOCAL SUBJECT ADDED ENTRY--TOPICAL TERM (OCLC, RLIN) | |
| Topical term or geographic name as entry element | MANAGEMENT-DISPUTE AVOIDANCE, MANAGEMENT AND RESOLUTION-DISPUTE MANAGEMENT AND RESOLUTION-ARBITRATION |
| 942 ## - ADDED ENTRY ELEMENTS (KOHA) | |
| Suppress in OPAC | 0 |
| Withdrawn status | Lost status | Source of classification or shelving scheme | Damaged status | Not for loan | Home library | Current library | Shelving location | Date acquired | Total Checkouts | Full call number | Barcode | Date last seen | Copy number | Price effective from | Koha item type |
|---|---|---|---|---|---|---|---|---|---|---|---|---|---|---|---|
| Dewey Decimal Classification | London | London | Journal article | 30/05/2008 | L143770 | 143770-1001 | 06/08/2019 | 1 | 06/08/2019 | Journal article |